• 首页
  • 本馆介绍
  • 公告通知
  • 最新文献
  • 馆藏检索
  • 电子资源
  • 读者导购
  • 参考咨询
  • 我的图书馆
  • 登录
  • 详细信息显示
  • 放入我的书架
  • 预约/预借图书
  • 作者相关作品
  • 分类相关作品
  • 丛书相关作品
  • 出版社相关作品

书目信息

  • 表格格式
  • 工作单格式
  • 卡片格式
题名:
认知无线电基础
    
 
作者: 赛图德 , 赫金 著 ;王莹 译
分册:  
出版信息: 北京   机械工业出版社  2019
页数: xvi, 224页
开本: 26cm
丛书名: 计算机科学丛书
单 册:
中图分类: TN014
科图分类:
主题词: 无线电技术--wu xian dian ji shu--基本知识
电子资源:
ISBN: 978-7-111-61721-1
000 01306nam 2200301 450
001 1961388623
005 20190415102936.2
010    @a978-7-111-61721-1@dCNY 79.00
099    @aCAL 012019046960
100    @a20190415d2019 em y0chiy50 ea
101 1  @achi@ceng
102    @aCN@b110000
105    @aak a 000yy
200 1  @a认知无线电基础@Aren zhi wu xian dian ji chu@f(伊朗) 佩曼·赛图德, (加) 西蒙·赫金著@d= Fundamentals of cognitive radio@fPeyman Setoodeh, Simon Haykin@g王莹译
210    @a北京@c机械工业出版社@d2019
215    @axvi, 224页@c图@d26cm
225 2  @a计算机科学丛书@Aji suan ji ke xue cong shu
320    @a有书目 (第210-224页)
330    @a本书介绍了认知无线电的通信理论基础,给出了博弈论、变分不等式和预测动态系统等方面的数学背景,然后深入研究了认知无线电网络中的资源分配,从信息论、优化、控制理论等方面对认知无线电网络的动力学进行了研究,并通过蜂窝网和认知无线电网络的整合,描述了未来无线通信的发展方向。
410  0 @12001 @a计算机科学丛书
510 1  @aFundamentals of cognitive radio@zeng
606 0  @a无线电技术@Awu xian dian ji shu@x基本知识
690    @aTN014@v5
701  1 @a赛图德@Asai tu de@g(Setoodeh, Peyman)@4著
701  1 @a赫金@Ahe jin@g(Haykin, Simon)@4著
702  0 @a王莹@Awang ying@4译
801  0 @aCN@bHST@c20190415
905    @aBZT@dTN014@e3
    
    认知无线电基础/(伊朗) 佩曼·赛图德, (加) 西蒙·赫金著= Fundamentals of cognitive radio/Peyman Setoodeh, Simon Haykin/王莹译.-北京:机械工业出版社,2019
    xvi, 224页:图;26cm.-(计算机科学丛书)
    
    
    ISBN 978-7-111-61721-1:CNY 79.00
    本书介绍了认知无线电的通信理论基础,给出了博弈论、变分不等式和预测动态系统等方面的数学背景,然后深入研究了认知无线电网络中的资源分配,从信息论、优化、控制理论等方面对认知无线电网络的动力学进行了研究,并通过蜂窝网和认知无线电网络的整合,描述了未来无线通信的发展方向。
●
相关链接 在五车中查询图书 在当当中查询图书 在豆瓣中查询图书


正题名:认知无线电基础     索取号:TN014/3         预约/预借

序号 登录号 条形码 馆藏地/架位号 状态 备注
1 869452   2000869452   第二书库/ [索取号:TN014/3] 在馆    
2 869453   2000869453   第二书库/ [索取号:TN014/3] 在馆    
3 869454   2000869454   第二书库/ [索取号:TN014/3] 在馆    
山东省滨州职业学院图书馆 欢迎您!
大连网信软件有限公司© 版权所有